Normal view
MARC view
Entry Personal Name
001 - CONTROL NUMBER
- control field: 82003
003 - CONTROL NUMBER IDENTIFIER
- control field: dpl
005 - DATE AND TIME OF LATEST TRANSACTION
- control field: 20250613115848.0
008 - FIXED-LENGTH DATA ELEMENTS
- fixed length control field: 250613|| aca||aabn | a|a d
040 ## - CATALOGING SOURCE
- Original cataloging agency: dpl
- Transcribing agency: dpl
100 ## - HEADING--PERSONAL NAME
- Personal name: Dharman, Anusuya
670 ## - SOURCE DATA FOUND
- Source citation: Work cat.: (dpl)211790: Matad, Vishwanatha 81998, Medicomarketing Writing: A Career for Health Science Students, 2016
